000 00630nam a2200265Ia 4500
003 OSt
005 20220912145758.0
006 a|||||r|||| 00| 0
007 ta
008 220909b |||||||| |||| 00| 0 eng d
024 _a75758
037 _cTextual
040 _aCSL
_beng
_cCSL
041 _aeng
082 _aL, J61
100 _aPrice F K
245 0 _aTextbook of the practice of medicine
250 _a9th
260 _c1956
300 _ap.
_ccm.
650 _aMedicine
700 _a Hunter Donald Ed.
942 _hL, J61
_cTEXL
_2CC
999 _c38067
_d38067